000 00638nam a22002057a 4500
999 _c9554
_d9554
003 AR-CdUCM
008 190328b ||||| |||| 00| 0 spa d
040 _aMUNICIPALIDAD PROVINCIAL DEL CUSCO
_cBIBLIOTECA MUNICIPAL DEL CUSCO
082 _aC / 838.915 /
_bR59A
100 _aRilke, Rainer Maria
_917514
245 _aEl Amante /
260 _aArgentina :
_bLa Plata ,
_c1941.
300 _a179 páginas :
_c18.3 cm.
500 _aEl libro es de propiedad de Luis Nieto
650 _aLiteratura Argentina
_984
650 _aLiteratura Latinoamericana
_9799
650 _aLiteratura Moderna
_99575
942 _2ddc
_cLIBROS
945 _artm